Etnobotánica aplicada (Registro nro. 2790)
[ vista simple ]
| 000 -CABECERA | |
|---|---|
| Campo de control | 01739cam a2200301 a 4500 |
| 005 - FECHA Y HORA DE LA ULTIMA TRANSACCION | |
| Campo de control | 20170525020001.0 |
| 008 - ELEMENTOS DE LONGITUD FIJA—INFORMACION GENERAL | |
| Campo de control | 080812s2001 uy abdo r 001 0 spa d |
| 020 ## - ISBN | |
| ISBN | 9974420865 |
| 040 ## - FUENTE DE CATALOGACIÓN | |
| Agencia catalogadora original | EQF |
| Agencia transcriptora | EQF |
| Agencia Modificadora | AGL |
| -- | UGX |
| -- | DLC |
| -- | WaU |
| -- | DLC |
| -- | CO-BoPUJ |
| -- | CO-BoIAVH |
| 041 1# - IDIOMA | |
| Código de idioma para texto/pista de sonido o título separado | Español |
| Código de idioma de la versión original y/o traducciones intermedias del texto | Inglés |
| 044 ## - PAÍS DE PUBLICACIÓN | |
| País de publicación | Uruguay |
| 082 04 - NUMERO DE CLASIFICACION DECIMAL DEWEY | |
| Número de clasificación | 581.63 |
| Número del ítem | C85e |
| 100 1# - ASIENTO PRINCIPAL--NOMBRE PERSONAL | |
| Nombre personal | Cunningham, Anthony B. |
| 9 (RLIN) | 17452 |
| 245 10 - MENCION DE TITULO | |
| Título | Etnobotánica aplicada |
| Parte restante del título | pueblos, uso de plantas silvestres y conservación |
| Mención de responsabilidad | Anthony B. Cunningham ; traducción Ana Elena Guyer |
| 260 ## - PUBLICACION, DISTRIBUCION, ETC. (PIE DE IMPRENTA) | |
| Lugar de publicación, distribución, etc. | Montevideo (Uruguay): |
| Nombre del editor, distribuidor, etc. | Editorial Nordan-Comunidad, |
| Fecha de publicación, distribución, etc. | 2001. |
| 300 ## - DESCRIPCION FISICA | |
| Extensión | xxiv, 310 p. |
| Otros detalles físicos | ilustraciones, diagramas, gráficas, mapas y tablas |
| Dimensiones | 24 cm. |
| 500 ## - NOTA GENERAL | |
| Nota general | Incluye listas de figuras, tablas y cuadros. |
| 504 ## - NOTA DE BIBLIOGRAFIA, ETC. | |
| Nota de bibliografía | Incluye referencias bibliográficas (Páginas 285-303) e índice. |
| 505 0# - NOTA DE CONTENIDO | |
| Nota de contenido | 1. Conservación y contexto: distintas épocas, distintas concepciones.<br/>2. Inventarios locales, valores y cantidades de recursos recolectados.<br/>3. Asentamiento, comercialización y cambio.<br/>4. Medición de las plantas individuales y evaluación del impacto de la recolección.<br/>5. Oportunidades de la colecta sustentable: las poblaciones de plantas.<br/>6. Paisajes y ecosistemas: patrones, procesos y uso de las plantas.<br/>7. Conservación: comportamiento, límites y creencias.<br/>8. En busca de un balance: una mirada hacia afuera y hacia adentro. |
| 534 ## - NOTA DE VERSION ORIGINAL | |
| Título del original | Applied ethnobotany : people, wild plant use, and conservation. |
| 650 14 - ASIENTO SECUNDARIO DE MATERIA - TERMINO TEMATICO | |
| Término temático o nombre geográfico como elemento de entrada | Etnobotánica aplicada |
| 9 (RLIN) | 37794 |
| 650 24 - ASIENTO SECUNDARIO DE MATERIA - TERMINO TEMATICO | |
| Término temático o nombre geográfico como elemento de entrada | Plantas silvestres comestibles |
| 9 (RLIN) | 37795 |
| 650 24 - ASIENTO SECUNDARIO DE MATERIA - TERMINO TEMATICO | |
| Término temático o nombre geográfico como elemento de entrada | Plantas medicinales |
| 9 (RLIN) | 37796 |
| 650 24 - ASIENTO SECUNDARIO DE MATERIA - TERMINO TEMATICO | |
| Término temático o nombre geográfico como elemento de entrada | Plantas útiles |
| 9 (RLIN) | 37797 |
| 650 24 - ASIENTO SECUNDARIO DE MATERIA - TERMINO TEMATICO | |
| Término temático o nombre geográfico como elemento de entrada | Etnobotánica |
| 9 (RLIN) | 37798 |
| 700 1# - ASIENTO SECUNDARIO - NOMBRE PERSONAL | |
| Nombre personal | Guyer, Ana Elena |
| Término de relación | Traductora |
| 9 (RLIN) | 37799 |
| 942 ## - ELEMENTOS ADICIONALES (KOHA) | |
| Sistema de clasificación | Dewey Decimal Classification |
| Tipo de ítem | Libro |
| Koha issues (borrowed), all copies | 2 |
| Withdrawn status | Lost status | Sistema de Clasificación | Damaged status | No para préstamo | Colección | Inventariado | Ubicación Permanente | Ubicación actual | Fecha de adquisición | Fuente de Valor | Valor | Total Checkouts | Número topográfico | Inventario / Código de Barras | Date last seen | Ejemplar | Price effective from | Forma de adquisición | Tipo de material | Total Renewals | Date checked out |
|---|---|---|---|---|---|---|---|---|---|---|---|---|---|---|---|---|---|---|---|---|---|
| Dewey Decimal Classification | General | Bogotá | Bogotá | 01/09/2015 | 3 | LB-581.63 C85e | 035186 | 05/05/2022 | Ej. 1 | 01/09/2015 | Libro | 2 | 04/06/2019 | ||||||||
| Dewey Decimal Classification | General | Inventariado 2017 | Bogotá | Bogotá | 31/07/2017 | Instituto | 39000.00 | 1 | LB-581.63 C85e | 015717 | 13/03/2018 | Ej. 3 | 31/07/2017 | Donación | Libro | 13/03/2018 | |||||
| Dewey Decimal Classification | General | Inventariado 2017 | Sala Fabio Quevedo | Sala Fabio Quevedo | 26/06/2002 | Instituto | 39000.00 | LB-581.63 C85e | 003270 | 04/12/2012 | Ej. 2 | 04/12/2012 | Libro | ||||||||
| Local | General | Villa de Leyva | Villa de Leyva | 05/03/2004 | LB-02595 | 015716 | 04/12/2012 | Ej.4 | 04/12/2012 | Libro |